000
00269nam a2200097Ia 4500
001
1251472
005
20251031150916.0
008
251031s9999 xx 000 0 und d
245
0
_c
CHRISTINE NÖSTLINGER
_a
J-3 KİM TAKAR SALATALIK KRALI
260
_b
GÜNIŞIĞI YAYINLARI
999
_c
1251472
_d
1251472